Derecho privado (Record no. 76587)

MARC details
000 -LEADER
campo de control de longitud fija 00744nam a2200169 i 4500
001 - NÚMERO DE CONTROL
campo de control 76587
003 - IDENTIFICADOR DE NÚMERO DE CONTROL
campo de control ES-MaACL
005 - FECHA Y HORA DE LA ÚLTIMA TRANSACCIÓN
campo de control 20231224062925.0
007 - CAMPO FIJO DE DESCRIPCIÓN FÍSICA--INFORMACIÓN GENERAL
campo de control de longitud fija t|
008 - DATOS DE LONGITUD FIJA--INFORMACIÓN GENERAL
campo de control de longitud fija 041004s1964 sp ||||1| spa d
100 1# - ENTRADA PRINCIPAL--NOMBRE DE PERSONA
Nombre de persona Guillamón Salcedo, Moisés
9 (RLIN) 60717
245 10 - MENCIÓN DEL TÍTULO
Título Derecho privado
Resto del título : contiene el derecho civil, hipotecario, mercantil, y el derecho penal y procesal de las Contestaciones a secretarios de la categoría de Administración local, ajustadas al programa publicado en el BOE de 30 de enero de 1964 /
Mención de responsabilidad, etc. Moisés Guillamón Salcedo ; prólogo de Manuel Delgado-Iribarren y Negrao.
260 ## - PUBLICACIÓN, DISTRIBUCIÓN, ETC.
Lugar de publicación, distribución, etc. Madrid :
Nombre del editor, distribuidor, etc. [s.n.,
Fecha de publicación, distribución, etc. 1964]
300 ## - DESCRIPCIÓN FÍSICA
Extensión 629 p. ;
Dimensiones 24 cm.
852 ## - LOCALIZACIÓN
Ubicación ES-MaACL
Número de control de estantería C-24786
Sublocalización o colección R.53603
Holdings
Estatus retirado Estado de pérdida Estado de daño No para préstamo Biblioteca de origen Biblioteca actual Ubicación en estantería Fecha de adquisición Fuente de adquisición Total de préstamos Signatura topográfica completa Código de barras Visto por última vez Precio de reemplazo Tipo de ítem Koha
        Biblioteca del Ateneo de Madrid Biblioteca del Ateneo de Madrid Depósito 2 17/01/2008     C-24786 1080142 23/02/2023 23/02/2023 Libro impreso